Յովհաննէս Յովհաննիսեան : (Record no. 114025)
[ view plain ]
| 000 -LEADER | |
|---|---|
| fixed length control field | 01073nam a2200229 a 4500 |
| 001 - CONTROL NUMBER | |
| control field | 000308878 |
| 003 - CONTROL NUMBER IDENTIFIER | |
| control field | AM-YeHGA |
| 005 - DATE AND TIME OF LATEST TRANSACTION | |
| control field | 20250618071956.0 |
| 008 - FIXED-LENGTH DATA ELEMENTS--GENERAL INFORMATION | |
| fixed length control field | 040216s1912 ai ||||gr|||||||||0|arm|d |
| 040 ## - CATALOGING SOURCE | |
| Original cataloging agency | AM-YeHGA |
| 041 0# - LANGUAGE CODE | |
| Language code of text/sound track or separate title | arm |
| 090 ## - LOCALLY ASSIGNED LC-TYPE CALL NUMBER (OCLC); LOCAL CALL NUMBER (RLIN) | |
| -- | 115365 |
| 100 1# - MAIN ENTRY--PERSONAL NAME | |
| Personal name | Տերտերյան, Արսեն Հարությունի, |
| Dates associated with a name | 1882-1953 |
| 9 (RLIN) | 1709 |
| 245 10 - TITLE STATEMENT | |
| Title | Յովհաննէս Յովհաննիսեան : |
| Remainder of title | Սիրոյ եւ կարեկցութեան երգիչը / |
| Statement of responsibility, etc. | Ա. Տէրտէրեան. |
| 260 ## - PUBLICATION, DISTRIBUTION, ETC. | |
| Place of publication, distribution, etc. | Երեւան : |
| Name of publisher, distributor, etc. | տպ. "Լոյս" Արշակ Յակովբեանցի եւ որդիք, |
| Date of publication, distribution, etc. | 1912. |
| 300 ## - PHYSICAL DESCRIPTION | |
| Extent | 104 էջ : |
| Other physical details | 1 թ. դիմանկ. ; |
| Dimensions | 18 սմ. |
| 500 ## - GENERAL NOTE | |
| General note | Երեսնամեայ յօբելեանի առիթով 1882-19125 |
| 600 14 - SUBJECT ADDED ENTRY--PERSONAL NAME | |
| Personal name | Հովհաննիսյան, Հովհաննես Մկրտչի, |
| Dates associated with a name | 1864-1929 |
| 9 (RLIN) | 3945 |
| 650 14 - SUBJECT ADDED ENTRY--TOPICAL TERM | |
| Topical term or geographic name entry element | Հայ գրողների կյանքն ու գործունեությունը |
| 9 (RLIN) | 4515 |
| 856 41 - ELECTRONIC LOCATION AND ACCESS | |
| Uniform Resource Identifier | <a href="http://serials.flib.sci.am/Founders/Terteryan-Yovhannes/book/index.html#page/1/mode/2up">http://serials.flib.sci.am/Founders/Terteryan-Yovhannes/book/index.html#page/1/mode/2up</a> |
| Link text | Կարդալ առցանց |
| 942 ## - ADDED ENTRY ELEMENTS (KOHA) | |
| Source of classification or shelving scheme | Universal Decimal Classification |
| Koha item type | Գրքեր / Books |
| Withdrawn status | Lost status | Damaged status | Not for loan | Collection | Home library | Current library | Date acquired | Total checkouts | Full call number | Barcode | Date last seen | Price effective from | Koha item type | Public note | Cost, replacement price |
|---|---|---|---|---|---|---|---|---|---|---|---|---|---|---|---|
| General | Fundamental Scientific Library | Fundamental Scientific Library | 22/12/2016 | AI/527 | FL0034116 | 22/12/2016 | 22/12/2016 | Գրքեր / Books | 30 Days Loan | ||||||
| General | Fundamental Scientific Library | Fundamental Scientific Library | 22/12/2016 | AI/6367 | FL0042442 | 22/12/2016 | 22/12/2016 | Գրքեր / Books | 30 Days Loan | 9.00 | |||||
| General | Fundamental Scientific Library | Fundamental Scientific Library | 22/12/2016 | AI/6520 | FL0042713 | 22/12/2016 | 22/12/2016 | Գրքեր / Books | 30 Days Loan | ||||||
| General | Fundamental Scientific Library | Fundamental Scientific Library | 22/12/2016 | AI/6618 | FL0042735 | 22/12/2016 | 22/12/2016 | Գրքեր / Books | 30 Days Loan |
ՀՀ Գիտությունների ազգային ակադեմիայի հիմնարար գիտական գրադարան = Fundamental Scientific Library of NAS RA
All site content, except where otherwise noted, is licensed under a